000 00617nam a22002057a 4500
005 20240102122741.0
008 231225b |||||||| |||| 00| 0 eng d
020 _a9789354643606
_cRs. 1049.00
040 _aMAIN
082 _a006.31
_bM859M
100 _aMotwani, Bharti
245 _aMachine learning for text and image data analysis: Practical approach with business use cases
260 _aNew Delhi
_bWiley India
_c2023
300 _axxii, 805
440 _aWiley emerging technology series
650 _aMachine Learning
650 _aComputer Science
650 _aComputer Algorithms
942 _cBK
999 _c311514
_d311514